000 00296nam a22001217a 4500
999 _c14014
_d14014
020 _a9788125005148
082 _a954
100 _aMaulana Abul Kalam Azad
245 _aIndia Wins Freedom the complete version
260 _aNew Delhi
_bOrient BlackSwan
_c2011
300 _a283 pages
942 _cBK